The learning gap : Why our schools are failing and what we can learn from Japanese and Chinese education
This book introduce about compares United States elementary education practices with those in Asia and comes to some surprising conclusions.
Đã lưu trong:
| 主要作者: | |
|---|---|
| 格式: | 图书 |
| 语言: | Undetermined |
| 出版: |
New York
Summit Books
1992
|
| 主题: | |
| 标签: |
添加标签
没有标签, 成为第一个标记此记录!
|
| Thư viện lưu trữ: | Trung tâm Học liệu Trường Đại học Cần Thơ |
|---|
| LEADER | 00819nam a2200217Ia 4500 | ||
|---|---|---|---|
| 001 | CTU_227645 | ||
| 008 | 210402s9999 xx 000 0 und d | ||
| 082 | |a 372.973 | ||
| 082 | |b S847 | ||
| 100 | |a Stevenson, Harold W. | ||
| 245 | 4 | |a The learning gap : | |
| 245 | 0 | |b Why our schools are failing and what we can learn from Japanese and Chinese education | |
| 245 | 0 | |c Harold W. Stevenson, James W. Stigler | |
| 260 | |a New York | ||
| 260 | |b Summit Books | ||
| 260 | |c 1992 | ||
| 520 | |a This book introduce about compares United States elementary education practices with those in Asia and comes to some surprising conclusions. | ||
| 650 | |a Giáo dục, Tiểu học,Education, Elementary | ||
| 650 | |z Hoa Kỳ,United States | ||
| 910 | |b dqhieu | ||
| 980 | |a Trung tâm Học liệu Trường Đại học Cần Thơ | ||